Welcome to CU Library Online Public Access Catalogue (OPAC)

Fundamentals for nursing review module / (Record no. 530)

MARC details
000 -LEADER
fixed length control field 00964cam a22002777a 4500
001 - CONTROL NUMBER
control field 14599369
005 - DATE AND TIME OF LATEST TRANSACTION
control field 20241101165548.0
008 - FIXED-LENGTH DATA ELEMENTS--GENERAL INFORMATION
fixed length control field 061018s2005 ksu b 000 0 eng d
020 ## - INTERNATIONAL STANDARD BOOK NUMBER
International Standard Book Number 1933107022
050 00 - LIBRARY OF CONGRESS CALL NUMBER
Classification number RT55
Item number .F86 2005
082 00 - DEWEY DECIMAL CLASSIFICATION NUMBER
Classification number 610.73076
Edition information 22
245 00 - TITLE STATEMENT
Title Fundamentals for nursing review module /
Statement of responsibility, etc. contributors, Jeanne Barrett ... [et al.] ; editor-in-chief, Leslie Schaaf Treas.
250 ## - EDITION STATEMENT
Edition statement Ed. 5.0.
260 ## - PUBLICATION, DISTRIBUTION, ETC.
Place of publication, distribution, etc. Overland Park, KS :
Name of publisher, distributor, etc. ATI, Assessment Technologies Institute,
Date of publication, distribution, etc. c2005
300 ## - PHYSICAL DESCRIPTION
Extent viii, 571 p. ;
Dimensions 22 cm
500 ## - GENERAL NOTE
General note Building nursing knowledge to ensure NCLEX® success--Cover.
650 #0 - SUBJECT ADDED ENTRY--TOPICAL TERM
Topical term or geographic name entry element Nursing
Form subdivision Examinations, questions, etc.
650 #2 - SUBJECT ADDED ENTRY--TOPICAL TERM
Topical term or geographic name entry element Nursing.
650 #2 - SUBJECT ADDED ENTRY--TOPICAL TERM
Topical term or geographic name entry element Nursing Process.
650 #2 - SUBJECT ADDED ENTRY--TOPICAL TERM
Topical term or geographic name entry element Nursing--Outlines.
650 #2 - SUBJECT ADDED ENTRY--TOPICAL TERM
Topical term or geographic name entry element Nursing--Examinations, questions, etc.
700 1# - ADDED ENTRY--PERSONAL NAME
Personal name Treas, Leslie Schaaf.
700 1# - ADDED ENTRY--PERSONAL NAME
Personal name Barrett, Jeanne,
Titles and other words associated with a name RN.
710 2# - ADDED ENTRY--CORPORATE NAME
Corporate name or jurisdiction name as entry element Assessment Technologies Institute.
942 ## - ADDED ENTRY ELEMENTS (KOHA)
Source of classification or shelving scheme Library of Congress Classification
Koha item type Books
Suppress in OPAC No
999 ## -
-- 530
-- 530
Holdings
Withdrawn status Lost status Source of classification or shelving scheme Damaged status Not for loan Collection Home library Current library Shelving location Date acquired Total checkouts Full call number Barcode Date last seen Copy number Price effective from Koha item type
    Library of Congress Classification     Non-fiction Undergraduate Library (Christ Temple) Undergraduate Library (Christ Temple) General stacks 11/01/2024   RT55.F86 FUN ulct00000128 11/01/2024 1 11/01/2024 Books
© 2023-2024 Copyright: Central University Libraries. All Rights Reserved | Created by: Mahone Tech Office